000 00380nam a2200145Ia 4500
005 20250729165719.0
008 250729s2003 xx 000 0 und d
041 _aeng
082 _a523 REDR
100 _aReaders Digest
_9231185
245 _aReaders Digest PCs made easy -2
260 _aLondon
_bReders Digest Association
_c2003
300 _a160p
650 _aScience
_9231186
999 _c239155
_d239155